Département français par population "ordre" - Statistiques

Statistiques générales
  • Ce quiz a été pris 164 fois
    144 depuis la dernière actualisation
  • Le résultat moyen est 63 sur 101
Statistiques - réponses
Population Préfecture Département % Correct
2 608 364 hab. Lille Nord
98%
2 165 423 hab. Paris Paris
98%
2 043 110 hab. Marseille Bouches-du-Rhône
95%
1 875 747 hab. Lyon Rhône
95%
1 623 949 hab. Bordeaux Gironde
91%
1 448 207 hab. Versailles Yvelines
88%
1 140 076 hab. Strasbourg Bas-Rhin
86%
1 175 623 hab. Montpellier Hérault
85%
1 094 331 hab. Nice Alpes-Maritimes
83%
748 537 hab. Nîmes Gard
83%
1 429 372 hab. Nantes Loire-Atlantique
83%
767 087 hab. Colmar Haut-Rhin
82%
1 076 111 hab. Toulon Var
82%
915 690 hab. Quimpers Finistère
80%
826 094 hab. Annecy Haute-Savoie
80%
1 079 478 hab. Rennes Ille-et-Vilaine
80%
1 086 183 hab. Metz Moselle
80%
1 465 228 hab. Arras Pas-de-Calais
80%
1 644 903 hab. Bobigny Seine-Saint-Denis
80%
694 065 hab. Caen Calvados
79%
1 400 039 hab. Toulouse Haute-Garonne
79%
1 624 357 hab. Nanterre Hauts-de-Seine
79%
1 271 308 hab. Grenoble Isère
79%
775 635 hab. Saint-Étienne Loire
79%
1 255 633 hab. Rouen Seine-Maritime
79%
1 407 124 hab. Créteil Val-de-Marne
79%
759 684 hab. Vannes Morbihan
77%
829 419 hab. Beauvais Oise
77%
662 062 hab. Clermont-Ferrand Puy-de-Dôme
77%
1 249 624 hab. Cergy/Pontoise Val-d'Oise
77%
733 760 hab. Nancy Meurthe-et-Moselle
76%
1 421 517 hab. Melun Seine-et-Marne
76%
1 301 659 hab. Évry-Courcouronnes Essonne
74%
821 210 hab. Saint-Denis La Réunion
73%
685 522 hab. La Roche-sur-Yon Vendée
73%
651 390 hab. La Rochelle Charente-Maritime
71%
680 434 hab. Orléans Loiret
71%
818 273 hab. Angers Maine-et-Loire
71%
682 621 hab. Pau Pyrénées-Atlantiques
70%
561 463 hab. Avignon Vaucluse
70%
653 688 hab. Bourg-en-Bresse Ain
68%
534 124 hab. Dijon Côte-d'Or
68%
570 599 hab. Amiens Somme
68%
543 974 hab. Besançon Doubs
65%
610 079 hab. Tours Indre-et-Loire
65%
364 508 hab. Fort-de-France Martinique
65%
566 412 hab. Le Mans Sarthe
65%
436 434 hab. Chambéry Savoie
65%
600 583 hab. Saint-Brieuc Côtes-d'Armor
64%
516 762 hab. Valence Drôme
64%
384 229 hab. Basse-Terre Guadeloupe
62%
479 969 hab. Perpignan Pyrénées-Orientales
62%
551 795 hab. Mâcon Saône-et-Loire
61%
600 011 hab. Évreux Eure
59%
181 933 hab. Bastia Haute-Corse
59%
364 992 hab. Épinal Vosges
59%
438 435 hab. Poitiers Vienne
58%
543 575 hab. Chartres Eure-et-Loir
56%
281 678 hab. Cayenne Guyane
56%
279 500 hab. Dzaoudzi/Mamoudzou Mayotte
56%
335 967 hab. Moulins Allier
55%
158 116 hab. Ajaccio Corse-du-Sud
55%
495 065 hab. Saint-Lô Manche
55%
566 865 hab. Châlons-en-Champagne Marne
55%
335 707 hab. Auxerre Yonne
55%
328 278 hab. Privas Ardèche
53%
352 015 hab. Angoulême Charente
53%
389 844 hab. Albi Tarn
53%
370 074 hab. Carcassonne Aude
52%
372 359 hab. Limoges Haute-Vienne
52%
528 016 hab. Laon Aisne
50%
374 818 hab. Niort Deux-Sèvres
50%
413 223 hab. Périgueux Dordogne
50%
413 690 hab. Mont-de-Marsan Landes
50%
329 406 hab. Blois Loir-et-Cher
50%
204 462 hab. Nevers Nièvre
50%
141 318 hab. Belfort Territoire de Belfort
50%
270 582 hab. Charleville-Mézières Ardennes
48%
240 073 hab. Tulle Corrèze
47%
302 306 hab. Bourges Cher
45%
141 220 hab. Gap Hautes-Alpes
45%
259 399 hab. Lons-le-Saunier Jura
45%
331 372 hab. Agen Lot-et-Garonne
45%
307 062 hab. Laval Mayenne
45%
279 492 hab. Alençon Orne
45%
310 082 hab. Troyes Aube
42%
279 095 hab. Rodez Aveyron
42%
76 064 hab. Mende Lozère
42%
260 669 hab. Montauban Tarn-et-Garonne
42%
229 567 hab. Tarbes Hautes-Pyrénées
41%
164 308 hab. Digne-les-Bains Alpes-de-Haute-Provence
39%
153 087 hab. Foix Ariège
39%
227 470 hab. Le Puy-en-Velay Haute-Loire
39%
219 316 hab. Chateauroux Indre
39%
116 617 hab. Guéret Creuse
38%
191 177 hab. Auch Gers
38%
172 612 hab. Chaumont Haute-Marne
36%
235 313 hab. Vesoul Haute-Saône
36%
184 080 hab. Bar-le-Duc Meuse
36%
144 092 hab. Aurillac Cantal
35%
174 074 hab. Cahors Lot
32%
Aucun quiz correspondant
Distribution des résultats
% des personnes avec chaque résultat
Percentile par nombre de réponses
Votre historique - résultats
Vous n’avez pas pris ce quiz depuis la dernière actualisation